00381nam a2200157Ia 450000500170000000800410001702000150005808200150007310000170008824500450010525000090015026000280015930000180018765000100020565000080021520240528013610.0240331s9999 xx 000 0 und d a0415038014 bREEa331.4 aRees, Teresa 0aWomen and the labour marketcTeresa rees a1 st aLondonbRoutledgec1992 axiv, 223 p ., aWomen asex